Pedro de Valdivia, el capitán conquistado: ensayo de biografía interior
Guardat en:
| Autor principal: | |
|---|---|
| Format: | Llibre |
| Idioma: | espanyol |
| Publicat: |
Madrid
Instituto de Cultura Hispánica
1961
|
| Col·lecció: | Colección nuevo mundo
|
| Matèries: | |
| Etiquetes: |
Afegir etiqueta
Sense etiquetes, Sigues el primer a etiquetar aquest registre!
|
MARC
| LEADER | 00000nam a2200000 a 4500 | ||
|---|---|---|---|
| 001 | UCX2749 | ||
| 003 | CL-VaPUC | ||
| 008 | 910807e19610000SP |||||||||||||||||spa|d | ||
| 082 | 0 | 4 | |a Ch864 |b CAM |2 21 |
| 100 | 0 | |a Campo, Santiago del |e author |9 318823 | |
| 245 | 1 | 0 | |a Pedro de Valdivia, el capitán conquistado: ensayo de biografía interior |
| 300 | |a 249 p | ||
| 942 | |c BK | ||
| 945 | |d 19910807 00:00:00 | ||
| 260 | |a Madrid |b Instituto de Cultura Hispánica |c 1961 | ||
| 600 | 0 | 7 | |a VALDIVIA, PEDRO DE |2 CL-VaPUC |9 317024 |
| 650 | 0 | |a Ensayos chilenos |9 269132 | |
| 650 | 0 | |a Literatura chilena |9 308278 | |
| 583 | |a last modification |c 19910807 00:00:00 |k Rodrigo Vera | ||
| 490 | 0 | |a Colección nuevo mundo | |
| 999 | |c 223697 |d 223695 | ||
| 952 | |0 0 |1 0 |4 0 |6 CH_864_000000000000000_CAM_1961 |7 0 |8 A |9 219725 |a BIBEDU |b BIBEDU |d 2019-11-15 |i 2884348 |o Ch864 CAM 1961 |p 2884348 |r 2019-11-15 |w 2019-11-15 |y BK |k LIT | ||
| 952 | |0 0 |1 0 |4 0 |6 CH_864_000000000000000_CAM_1961 |7 0 |8 DER_HDC |9 219726 |a BIBDER |b BIBDER |d 2019-11-15 |i 1888307 |l 2 |o Ch864 CAM 1961 |p 1888307 |r 2024-03-04 |s 2024-03-04 |w 2019-11-15 |x Ubicación 4to Piso |y BK |z Estos recursos deben solicitarse con anticipación |k DER | ||
| 952 | |0 0 |1 0 |4 0 |6 CH_864_000000000000000_CAM_1961 |7 0 |8 A |9 219727 |a BIBHIS |b BIBHIS |d 2019-11-15 |i 1369784 |o Ch864 CAM 1961 |p 1369784 |r 2025-01-20 |w 2019-11-15 |y BK |k HIS | ||